|
|
|
|
| LEADER |
00000cam a2200000 a 4500 |
| 001 |
vtls001058891 |
| 003 |
SK-MaSNL |
| 005 |
20260301232553.0 |
| 008 |
240322s1995 xo oa grn 000 0cslo |
| 015 |
|
|
|a SNBA1995/0902448
|
| 020 |
|
|
|a 8085142066
|q (brožované)
|
| 035 |
|
|
|a SNK000001708
|
| 040 |
|
|
|a SNK
|b slo
|c SNK
|e AACR2
|
| 041 |
0 |
|
|a slo
|b eng
|
| 043 |
|
|
|a e-xo---
|
| 044 |
|
|
|a xo
|c SK
|
| 072 |
|
7 |
|a 929.5/.9
|x Genealógia. Heraldika. Šľachta. Vlajky
|2 konspekt
|
| 080 |
|
|
|a 929(437.648)
|2 1981
|
| 080 |
|
|
|a 943.764.8-21
|2 1981
|
| 080 |
|
|
|a 929.5
|2 2011
|
| 080 |
|
|
|a (437.642)
|2 2011
|
| 080 |
|
|
|a 929(092)
|2 2011
|
| 080 |
|
|
|a 911.375(091)
|2 2011
|
| 100 |
1 |
|
|a Drenko, Jozef,
|d 1941-
|4 aut
|9 99944
|
| 245 |
1 |
0 |
|a Kármánovci v dejinách Lučenca
|c Jozef Drenko
|
| 260 |
|
|
|a Lučenec
|b Okresná knižnica
|c 1995
|
| 300 |
|
|
|a 20 strán, 11 strán obrazových príloh
|b fotografie, ilustrácie
|c 21 cm
|
| 366 |
|
|
|e 50 výtl.
|
| 500 |
|
|
|a Vydané pre vnútorné potreby mesta Lučenec
|
| 500 |
|
|
|a Obsahuje zoznam dokumentov
|
| 504 |
|
|
|a Bibliografia na strane 18-20
|
| 546 |
|
|
|a Anglické resumé
|
| 600 |
3 |
7 |
|a Kármán (rodina)
|2 SNKMA
|9 626433
|
| 650 |
0 |
7 |
|a dejiny miest
|2 SNKPH
|9 164833
|
| 650 |
0 |
7 |
|a genealógia
|2 SNKPH
|9 4978
|
| 651 |
|
7 |
|a Lučenec (Slovensko)
|2 SNKPHgeo
|9 29545
|
| 655 |
|
7 |
|a biografie
|2 SNKPH
|9 27965
|
| 919 |
|
|
|a 80-85142-06-6
|
| 954 |
|
|
|a odborná, vedecká literatúra pôvodná (slovenská)
|2 lita
|
| 958 |
|
|
|a EUIPO
|
| 958 |
|
|
|a OND
|
| 958 |
|
|
|a TL
|
| 958 |
|
|
|a NB
|
| 958 |
|
|
|a BQ
|
| 958 |
|
|
|a BX
|
| 999 |
|
|
|c 961821
|d 963751
|
| 952 |
|
|
|t P60, <09>, [BOOK], {629}
|a SNK
|b SNK
|y NEVYP
|7 0
|o snkC 1349
|i snk2626/950810
|0 0
|1 0
|4 0
|d 1995-08-09
|l 0
|r 2004-12-31 00:00:00
|w 2026-02-24
|
| 952 |
|
|
|a SNK
|b SNK
|y VYP
|7 0
|p 17A0079234
|o snkSC 88804 D1
|i snkKSP 7035/95
|0 0
|1 0
|4 0
|d 1995-08-09
|l 0
|r 2004-12-31 00:00:00
|w 2026-02-24
|
| 952 |
|
|
|a SNK
|b SNK
|y PREZ
|7 0
|p 17A1012781
|o snkSC 88804
|i snkKSP 7034/95
|0 0
|1 0
|4 0
|d 2012-08-20
|f 1
|l 0
|r 2025-09-08 00:00:00
|w 2026-02-24
|